|
|
|
|
| LEADER |
00000cam a2200000 a 4500 |
| 001 |
vtls011584539 |
| 003 |
SK-MaSNL |
| 005 |
20260301220906.0 |
| 008 |
180305s2016 xo oab g 001 0 slo |
| 015 |
|
|
|a SNBA2016/11
|
| 020 |
|
|
|a 9788088937715
|q (brož.)
|
| 035 |
|
|
|a 7EC4BB60-02CA-4B40-9216-622FBD93C6B7
|
| 035 |
|
|
|a urn:nbn:sk:snk-am3h4qg
|
| 035 |
|
|
|a urn:nbn:sk:snk-am00cmuq
|
| 040 |
|
|
|a SNK
|b slo
|c SNK
|e AACR2
|
| 041 |
0 |
|
|a slo
|
| 043 |
|
|
|a e-xo---
|
| 044 |
|
|
|a xo
|c SK
|
| 072 |
|
7 |
|a 27
|x Kresťanstvo. Kresťanská cirkev všeobecne. Ekleziológia
|2 konspekt
|
| 080 |
|
|
|a 27-772
|2 2011
|
| 080 |
|
|
|a 27-72-77
|2 2011
|
| 080 |
|
|
|a 27-733
|2 2011
|
| 080 |
|
|
|a 27-7
|2 2011
|
| 080 |
|
|
|a (437.6)
|2 2011
|
| 080 |
|
|
|a (048.8)
|2 2011
|
| 245 |
0 |
0 |
|a Schematizmus Banskobystrickej diecézy 2016
|c [koncept spracovala Dana Červená]
|
| 260 |
|
|
|a [Badín
|b Kňažský seminár sv. Františka Xaverského]
|c 2016
|
| 300 |
|
|
|a 279 s.
|b fareb. fotogr., ilustr., mp., tab.
|c 21 cm
|
| 500 |
|
|
|a Údaje schématizmu sú aktuálne k 31.12.2015
|
| 500 |
|
|
|a Vydal Biskupský úrad v Banskej Bystrici
|
| 500 |
|
|
|a Vydav. údaje podľa ISBN
|
| 504 |
|
|
|a Abecedný zoznam farnosti a filiálok
|
| 521 |
|
|
|a Pre vnútornú potrebu Banskobystrickej diecézy
|
| 610 |
2 |
7 |
|a Banskobystrická diecéza (Banská Bystrica, Slovensko)
|2 SNKKA
|9 368191
|
| 650 |
0 |
7 |
|a diecézy
|2 SNKPH
|9 88437
|
| 650 |
0 |
7 |
|a organizácia a štruktúra cirkvi
|2 SNKPH
|9 85696
|
| 650 |
0 |
7 |
|a služby v cirkvi
|2 SNKPH
|9 66668
|
| 650 |
0 |
7 |
|a cirkevná správa
|2 SNKPH
|9 73511
|
| 650 |
0 |
7 |
|a Dioceses
|2 SNKPHeng
|9 266270
|
| 650 |
0 |
7 |
|a Church organization and structure
|2 SNKPHeng
|9 268000
|
| 650 |
0 |
7 |
|a Church's ministries
|2 SNKPHeng
|9 302533
|
| 650 |
0 |
7 |
|a Administration and management of the church
|2 SNKPHeng
|9 237894
|
| 651 |
|
7 |
|a Banská Bystrica (Slovensko)
|2 SNKPH
|9 22015
|
| 651 |
|
7 |
|a Banská Bystrica (Slovakia)
|2 SNKPHeng
|9 243794
|
| 655 |
|
7 |
|a prehľady
|2 SNKPH
|9 70194
|
| 655 |
|
7 |
|a Surveys
|2 SNKPHeng
|9 266058
|
| 700 |
1 |
|
|a Červená, Dana
|4 com
|9 53016
|
| 710 |
2 |
|
|a Rímskokatolícka cirkev.
|b Biskupský úrad (Banská Bystrica, Slovensko)
|4 pbl
|9 270909
|
| 852 |
|
|
|a Štátna vedecká knižnica v Banskej Bystrici
|
| 919 |
|
|
|a 978-80-88937-71-5
|
| 958 |
|
|
|a NT
|
| 999 |
|
|
|c 933623
|d 935553
|
| 952 |
|
|
|a SNK
|b SNK
|y PREZ
|7 0
|p 17A1216496
|o snkSC 171645
|i snk2016/23847
|8 0
|0 0
|1 0
|4 0
|d 2016-10-12
|f 1
|l 0
|r 2025-09-10 00:00:00
|w 2026-02-24
|
| 952 |
|
|
|a SNK
|b SNK
|y VYP
|7 0
|p 17A1216495
|o snkSC 171645 D1
|i snk2016/23848
|8 0
|0 0
|1 0
|4 0
|d 2016-10-12
|l 0
|r 2026-02-24 08:55:56
|w 2026-02-24
|